Countries Without the Letters in "NEW ZEALAND" - Statistics

General Stats
  • This quiz has been taken 10 times
    7 since last reset
  • The average score is 4 of 6
Answer Stats
Continents Countries % Correct
Oceania Fiji
100%
Africa Morocco
83%
Africa Togo
67%
Europe Kosovo
50%
Africa Comoros
33%
Asia Cyprus
33%
No matching quizzes found
Score Distribution
Percent of People with Each Score
Percentile by Number Answered
Your Score History
You have not taken this quiz since the last reset